[Event "SA Championship"]
[Site "Adelaide"]
[Date "2000.03.23"]
[Round "3.3"]
[White "Sykes, Alexander"]
[Black "Tanti, Joseph G"]
[Result "1-0"]
[WhiteElo "2033"]
[BlackElo "1921"]
[Annotator "Fritz 5.32 - Anderson-Smith,W"]
[PlyCount "43"]
[EventDate "2000.03.16"]
[EventType "tourn"]
[EventRounds "5"]
[EventCountry "AUS"]

1. d4 d5 2. c4 e6 3. Nc3 c6 4. Nf3 Nf6 5. Bg5 dxc4 6. e4 b5 7. a4 {
Queen's Gambit [Anti-Meran Gambit]} Bb4 (7... Bb7 8. e5 (8. axb5 cxb5 9. Nxb5
Bb4+ 10. Nc3 Bxe4 11. Bxc4 Nc6 12. O-O Bxf3 13. Qxf3 Nxd4 14. Qe3 Nc2 15. Bb5+
Kf8 16. Bxf6 Nxe3 17. Bxd8 Nxf1 18. Bg5 f6 19. Bc1 Nxh2 20. Kxh2 a5 21. Bc4 Ke7
22. Na4 Rhd8 23. Be3 Rac8 24. b3 Rc6 25. Kg3 h6 26. Kf3 f5 27. Ke2 e5 28. Nb2
Bc3 29. Ra2 f4 30. Bc1 Rg6 31. Kf3 e4+ 32. Kxe4 Rxg2 33. Nd3 g5 34. Rc2 Ba1 35.
Bd2 Rg1 36. Bxa5 Rd4+ 37. Kf5 f3 38. Bb4+ Ke8 39. Ra2 Rxd3 40. Bxd3 Bd4 41. Ke6
Kd8 42. Bd6 {1-0 Hulak,K-Piket,J/Wijk op 1995/TUR 95 (42)}) 8... h6 9. Bh4 g5
10. exf6 gxh4 11. Ne5 Nd7 12. Qh5 Qxf6 13. Nxd7 Kxd7 14. axb5 cxb5 15. Qxb5+
Bc6 16. Qxc4 Bd6 17. Ra6 Rhc8 18. Rxc6 Rxc6 19. Qa4 Qg5 20. Bb5 Qxg2 21. d5
Qxh1+ 22. Ke2 Kd8 23. Bxc6 Rb8 24. Nb5 exd5 25. Qa5+ Ke7 26. Qxa7+ Kf8 27. Qe3
Kg8 28. h3 Bf8 29. Qf4 Qe4+ 30. Qxe4 dxe4 31. Ke3 Rb6 32. Bd7 Rf6 33. b3 Bc5+
34. Kxe4 Rxf2 35. Kd5 Bb4 36. Nd4 Kg7 37. Kc4 Rf4 38. Kd5 Kf6 39. Bc8 Rf1 40.
Bg4 Bc3 41. Nf3 Kg6 42. Nxh4+ Kg5 43. Nf3+ Kf4 44. Nh4 Rf2 45. Bc8 Kg5 {
0-1 Van Wely,L-Kramnik,V/Manila olm 1992/TD 92\02 (45)}) 8. e5 h6 9. exf6 hxg5
10. fxg7 Rg8 11. h4 gxh4 12. Rxh4 Qf6 13. Rh5 $146 {
The game is finished by a kings attack} (13. g3 Bb7 14. Bg2 Nd7 15. Kf1 a6 16.
Ne5 Nxe5 17. dxe5 Qxe5 18. axb5 Rd8 19. Qa4 Bxc3 20. bxc6 Bxb2 21. c7+ Rd7 22.
Rh8 Bxg2+ 23. Kxg2 Qe4+ 24. Kg1 {
1-0 Danielian,O-Fridman,D/URS-chJ Alma-Ata 1991/TD 91\03 (24)}) (13. Qc2 Nd7 (
13... Bb7 14. Qe4 Nd7 15. axb5 Nc5 16. Qe5 Qxe5+ 17. Nxe5 f6 18. bxc6 fxe5 19.
cxb7 Nxb7 20. dxe5 Rxg7 21. Rxc4 Ba5 22. Rc6 Kf7 23. Ra6 {
1-0 Ragozin,E-Borst/Antwerpen op 1994/TD 94\02 (23)}) 14. axb5 cxb5 15. Qe4 Rb8
16. Rxa7 Qxg7 17. Rh7 Qg4 18. Qxg4 Rxg4 19. Ne5 Nxe5 20. dxe5 Rb7 21. Ra8 Rc7
22. Be2 Re4 23. Rh5 Ke7 24. f3 Rd4 25. Rh8 Bd7 26. Kf1 Bxc3 27. bxc3 Rd2 28.
Ke1 Rb2 29. f4 b4 30. Bh5 bxc3 31. Rhf8 Rc8 32. Rxf7+ Kd8 33. Ra7 Rc7 34. Ra8+
Rc8 35. Ra7 Rc7 36. Ra8+ {1-0 Zueger,B-Tukmakov,V/Lenk op 1991/TD 91\08 (36)})
13... Bb7 $14 (13... Bd7 $5 $11 {should be examined more closely}) 14. axb5
cxb5 15. Rxb5 Nc6 $4 $18 {the position is going down the drain} (15... Bxf3
$142 16. gxf3 Bxc3+ 17. bxc3 Rxg7 $18) 16. Rxb7 O-O-O 17. Raxa7 {
Do you see the mate threat?.} Nxa7 (17... Bxc3+ {
doesn't change anything anymore} 18. bxc3 Nxa7 19. Rxa7 $18) 18. Rxb4 Rxg7 (
18... Rd7 {what else?} 19. Rxc4+ Kb8 20. Rb4+ Ka8 $18) 19. Qa4 $1 {
a brilliant end. The mate threat is Qxa7} Rd7 20. Qa6+ Kd8 21. Rb8+ Ke7 22.
Qa3+ (22. Qa3+ Rd6 23. Qxa7+ Rd7 24. Qc5+ Rd6 25. Ne4 e5 26. Qc8 Rg8 27. Rb7+
Rd7 28. Rxd7+ Ke6 29. Rd8+ Ke7 30. Qd7#) 1-0

[Event "SA Championship"]
[Site "Adelaide"]
[Date "2000.03.28"]
[Round "4.2"]
[White "Yang, Song"]
[Black "Sykes, Alexander"]
[Result "1/2-1/2"]
[WhiteElo "1659"]
[BlackElo "2033"]
[Annotator "Fritz 5.32 - Anderson-Smith,W"]
[PlyCount "69"]
[EventDate "2000.03.16"]
[EventType "tourn"]
[EventRounds "5"]
[EventCountry "AUS"]

1. e4 d6 2. d4 Nf6 3. Nc3 g6 4. f4 Bg7 5. Nf3 c5 6. Bb5+ Bd7 {
Pirc Defence [Three Pawns' Attack]} 7. e5 Ng4 8. e6 Bxb5 9. exf7+ Kd7 10. Nxb5
Qa5+ 11. Nc3 cxd4 (11... h5 12. h3 cxd4 13. Nxd4 Nc6 14. Nde2 Nh6 15. Be3 Raf8
16. O-O Rxf7 17. Ne4 Nf5 18. Bf2 Rc8 19. c3 Nd8 20. Qd3 Ne6 21. Rfd1 Ke8 22. a4
a6 23. g4 hxg4 24. hxg4 Nh6 25. Qg3 Qc7 26. Ng5 Nxg5 27. fxg5 Ng8 28. Nd4 Qd7
29. Re1 e5 30. Re4 Ne7 31. Nf3 Qe6 32. Rae1 Kf8 33. a5 Kg8 34. Bb6 Rcf8 35. Nd2
Nd5 36. c4 Nxb6 37. axb6 Qe7 38. Qe3 Qd8 39. Rf1 Rxf1+ 40. Nxf1 Rf4 41. c5 dxc5
42. Nd2 Qxg5 43. Rxf4 Qxf4 44. Qxf4 exf4 45. Nc4 Kf7 46. b3 Ke6 47. Kg2 g5 48.
Kf3 Kd5 49. Na5 Bf6 {0-1 Edelman,D-Ehlvest,J/New York op 1990/EXP 16 (49)}) 12.
Nxd4 Bxd4 13. Qxd4 Nc6 14. Qd1 (14. Qc4 Rhf8 15. Bd2 Rac8 16. h3 Nf6 17. O-O-O
Qa6 18. Qxa6 bxa6 19. Rhe1 Rxf7 20. b3 Nd4 21. Kb2 Nh5 22. Re4 Nb5 23. Ne2 Nf6
24. Ra4 Nc7 25. Be3 Ra8 26. c4 Kc6 27. Nd4+ Kd7 28. Nf3 Kc6 29. Nd4+ Kd7 30.
Ra5 Rff8 31. g4 Ne4 32. f5 gxf5 33. Nxf5 Rf7 34. Re5 Nf6 35. Rxe7+ Rxe7 36.
Rxd6+ Ke8 37. Rxf6 Rd7 38. Bf4 Kd8 39. Rf8+ Ne8 40. Bd6 h6 41. c5 Rc8 42. Nd4 {
1-0 Beliavsky,A-Kanstler,B/URS-chT Azov 1991 (42)}) 14... h5 15. h3 Nh6 16. Be3
$146 (16. Qd5 Qxd5 17. Nxd5 Nd4 18. Kd1 Rhf8 19. c3 Ndf5 20. Kc2 Rxf7 21. Bd2
Rc8 22. Rad1 Ng3 23. Rhe1 Nhf5 24. Bc1 Rc4 25. b3 Rc8 26. a4 h4 27. c4 Nh5 28.
Nb4 Rf6 29. Bb2 Re6 30. Rxe6 Kxe6 31. Bc1 a6 32. Kd3 Nf6 33. Bb2 Nd7 34. Re1+
Kf7 35. Bd4 Nxd4 36. Kxd4 Nc5 37. Re3 a5 38. Nc2 Rc6 39. Kc3 Ne6 40. Nd4 Nxd4
41. Kxd4 e6 42. Ke4 Kf6 43. Rd3 {
1/2-1/2 Undrahbuyan,B-Dambravaite,A/Manila olw 1992/TD 92\07 (43)}) 16... Nf5
17. Bf2 Qb4 18. Qd2 h4 19. a3 Qc4 20. O-O-O Qxf7 21. Rhe1 Na5 22. Nd5 b6 23.
Nxe7 Qa2 24. Qe2 $4 $19 {White has let it slip away} (24. Qd5 $142 Nb3+ 25.
Qxb3 Qxb3 26. cxb3 Nxe7 27. Re4 $16) 24... Nc4 25. Qe6+ $4 {
shortens the misery for White} (25. c3 Rae8 $1 {final destruction} 26. Qc2 Rxe7
27. Rxe7+ Kxe7 28. Re1+ Kd8 29. Re2 $19) 25... Kd8 (25... Kc7 $142 {
secures victory} 26. Qxc4+ {White cannot hold on to the material} Qxc4 27. Nd5+
Kb7 $19) 26. Nc6+ Kc7 {The mate threat is Qxb2} 27. Qf7+ Kxc6 28. Qd5+ Kc7 29.
Qf7+ Kb8 30. Re8+ Rxe8 31. Qxe8+ Kc7 32. Qf7+ Ne7 $11 (32... Kc8 33. Qe6+ Kb7
34. Qd7+ Ka6 35. Qa4+ Na5 $19) 33. Qxe7+ Kc6 {Threatening mate... how?} 34.
Qe4+ Kc7 35. Qe7+ 1/2-1/2

[Event "SA Championship"]
[Site "Adelaide"]
[Date "2000.03.28"]
[Round "4.3"]
[White "Guthrie, Aaron"]
[Black "Sheldrick, Kevin"]
[Result "1-0"]
[WhiteElo "1489"]
[BlackElo "1985"]
[Annotator "Fritz 5.32 - Anderson-Smith,W"]
[PlyCount "67"]
[EventDate "2000.03.16"]
[EventType "tourn"]
[EventRounds "5"]
[EventCountry "AUS"]

1. e4 d6 2. d4 Nf6 3. Nc3 g6 4. Be2 Bg7 5. h4 c5 {Pirc Defence} 6. dxc5 Qa5 7.
Qd3 Qxc5 8. Be3 Qa5 9. O-O-O (9. h5 Nxh5 10. Qb5+ Qxb5 11. Nxb5 Na6 12. Bxh5
gxh5 13. O-O-O f5 14. exf5 Bxf5 15. Rxd6 Bxc2 16. Rd2 Bg6 17. Rh4 O-O 18. Ne2
Rfc8+ 19. Kd1 Bf6 20. Rh3 Nc5 21. Nbc3 Nd3 22. Nd5 Nxb2+ 23. Rxb2 Bxb2 {
Benjamin,J-Chernin,A/Buenos Aires 1992/TD 92\05/1/2-1/2 (37)}) (9. Qb5+ Qxb5
10. Bxb5+ Bd7 11. f3 O-O 12. Nge2 Nc6 13. Kf2 Nb4 14. Bd3 Rfc8 15. a3 Nxd3+ 16.
cxd3 e5 17. Rac1 Bc6 18. Bg5 h6 19. Bxf6 Bxf6 20. b4 a6 21. Ng3 Kg7 22. Nge2
Rd8 {1/2-1/2 Hoosen,E-Andrade,M/WchJM-U16 Guarapuava 1995/JUN 95 (22)}) 9...
Nc6 10. a3 $146 {Controls b4} (10. h5 gxh5 11. f3 a6 12. a3 b5 13. Nd5 Nxd5 14.
exd5 Ne5 15. Qe4 Nd7 16. Rh4 Rb8 17. Qb4 Qc7 18. Bd2 Nb6 19. Rxh5 Na4 20. c3
Bd7 21. Bh6 a5 22. Qe4 Nxc3 23. bxc3 Qxc3+ 24. Qc2 Bxh6+ {
Wolf,A-Braig,M/OLHessen 1991/GER 02/0-1 (63)}) 10... O-O $14 (10... Bd7 $5 $11)
11. Nd5 $11 (11. h5 Ng4 $14) 11... a6 $2 $16 (11... h5 $142 $5 $11 {
and Black hangs on}) 12. Bb6 Qb5 13. Qxb5 axb5 14. Bxb5 Nxd5 (14... Nxe4 $5 15.
h5 e6 $16) 15. exd5 Ne5 16. Ne2 Bg4 17. f3 Bf5 18. Ng3 Bd7 19. Bxd7 Bh6+ 20.
Kb1 Nxd7 21. Bd4 Ra5 22. Bc3 {White gets deadly initiative} Rb5 23. h5 Be3 $18
(23... Bg7 24. a4 Rb6 25. Bxg7 Kxg7 26. h6+ Kf6 27. Rd4 $18) 24. hxg6 {
The mate threat is gxh7} fxg6 25. Rhe1 Bg5 26. Ne4 Bf4 27. g3 Bh6 28. Rh1 Be3
29. f4 Rf5 (29... Nb6 $142 30. Rd3 Bxf4 31. gxf4 Nxd5 $18) 30. Rde1 Bb6 31. Ng5
Bd8 (31... Ne5 32. fxe5 $1 {a beautiful, forced end to the game} Rxg5 33. exd6
exd6 34. Re8+ Kf7 $18) 32. Rxh7 Ne5 (32... Rxg5 {
the only chance to get some counterplay} 33. Rh8+ Kf7 34. fxg5 Rxd5 35. Rxd8
Nc5 $18) 33. Reh1 $1 {the decision} (33. Reh1 Rxb2+ 34. Bxb2 Bb6 35. Rh8+ Kg7
36. Ne6+ Kf6 37. Rf8#) 33... Nd3 34. Rh8# 1-0

[Event "SA Championship"]
[Site "Adelaide"]
[Date "2000.03.30"]
[Round "5.1"]
[White "Sykes, Alexander"]
[Black "Guthrie, Aaron"]
[Result "1-0"]
[WhiteElo "2033"]
[BlackElo "1489"]
[Annotator "Fritz 5.32 - Anderson-Smith,W"]
[PlyCount "67"]
[EventDate "2000.03.16"]
[EventType "tourn"]
[EventRounds "5"]
[EventCountry "AUS"]

1. d4 d5 2. Nf3 Nf6 3. g3 e6 4. Bg2 Be7 5. O-O O-O {Queen's Pawn Game} 6. Ne5 (
6. c4 dxc4 7. Qc2 a6 8. Qxc4 (8. a4 Nc6 (8... Bd7 9. Qxc4 Bc6 10. Bf4 Nd5 11.
Nc3 Nxf4 12. gxf4 a5 13. Rfd1 Bd5 14. Qb5 Na6 15. e4 Bc6 16. Qc4 Nb4 17. Ne5
Be8 18. d5 exd5 19. Nxd5 Nxd5 20. Rxd5 Bd6 21. Nf3 Bc6 22. Rd3 Qc8 23. e5 Be7
24. Ne1 Ra6 25. Bh3 Qe8 26. Nc2 b5 27. Qc3 Be4 28. axb5 Qxb5 29. Re3 Rg6+ 30.
Rg3 Rc6 31. Nd4 Rxc3 32. Nxb5 Rc2 33. Nc3 Ba8 34. Bg2 Bh4 35. Rd3 Bxf2+ 36. Kf1
Bb6 37. Bxa8 Rxa8 {0-1 Hulak,K-Psakhis,L/Zagreb zt 1993 (37)}) 9. Qxc4 Qd5 10.
Nbd2 Rd8 11. e3 Qh5 12. e4 Bd7 13. b3 b5 14. Qc3 Be8 15. axb5 axb5 16. Rxa8
Rxa8 17. Bb2 Ra2 18. Qc1 Qh6 19. h3 g6 20. Re1 Qf8 21. Qb1 Nb4 22. Ne5 Nd7 23.
Bc3 Ra6 24. Nxd7 Bxd7 25. Nf3 Qa8 26. Ne5 Bc6 27. Qd1 Na2 28. Bb2 b4 29. d5 Be8
30. Ng4 Nc3 31. Qf3 h5 32. Nf6+ Bxf6 33. Qxf6 exd5 34. Qd4 Ra2 35. Qxb4 Nb5 36.
Bf6 Qa7 37. Re3 d4 38. Qe7 Nd6 39. Rd3 Qa6 40. Rd1 Qe2 41. Rf1 d3 42. Bd4 d2
43. Qe5 Kf8 44. Be3 Kg8 45. Bh6 Qxf2+ 46. Rxf2 d1=Q+ 47. Rf1 Rxg2+ 48. Kxg2
Qe2+ 49. Kg1 {1-0 Kramnik,V-Piket,J/Dortmund 1995/TUR 95 (49)}) 8... b5 9. Qc2
Bb7 10. Bf4 Nc6 11. Nbd2 Rc8 12. Rad1 Nb4 13. Qb1 Nbd5 14. Be5 Nd7 15. Nb3 Qe8
16. e4 N5b6 17. Rfe1 Bb4 18. Re2 Bd6 19. Bxd6 cxd6 20. d5 exd5 21. Nfd4 Nf6 22.
exd5 Qd7 23. Qf5 Rcd8 24. Na5 Bxd5 25. Bxd5 Nbxd5 26. Nac6 Qxf5 27. Nxf5 Rd7
28. Nfe7+ Nxe7 29. Rxe7 Rfd8 30. Rxd7 {
1/2-1/2 Piket,J-Lautier,J/Wijk aan Zee 1997/CBM 57 (62)}) 6... c5 (6... Nbd7 7.
f4 Ne4 8. Nd2 f5 9. Nxe4 dxe4 10. Nxd7 Bxd7 11. c3 Bc6 12. Be3 Bf6 13. Qc2 Qe7
14. b4 a5 15. d5 Bxd5 16. Bc5 Qd7 17. Bxf8 Kxf8 18. a3 Qc6 19. Rac1 Qc4 20. e3
axb4 21. axb4 Ra2 22. Qd1 Bxc3 23. Rf2 Rxf2 24. Kxf2 Qxb4 25. Qc2 Bf6 26. Bf1
c6 27. Rb1 Qe7 28. Qa4 b5 29. Qa8+ Kf7 30. Qh8 {
1/2-1/2 Varejcko,J-Urban,R/Cattolica 1993/TD 93\07 (58)}) 7. e3 Nc6 8. f4 Qc7
9. c3 b5 10. a3 a5 $146 (10... c4 11. Nd2 Bb7 12. Qe2 a6 13. e4 Nxe5 14. fxe5
Nxe4 15. Nxe4 dxe4 16. Bxe4 Bxe4 17. Qxe4 Rfd8 18. Bd2 Rab8 19. Rf2 Bf8 20.
Raf1 Rd7 21. Rf4 a5 22. Rh4 g6 23. Bg5 b4 24. axb4 axb4 25. Bf6 {
Sedlakova,I-Mihalik,M/SVK-ch 1993/TD 93\10/1/2-1/2 (43)}) 11. Nd2 Ba6 12. g4 b4
{Black wins space} 13. Rf3 $17 (13. Nxc6 $142 $5 {should not be overlooked}
Qxc6 14. Re1 $15) 13... bxc3 14. bxc3 Rab8 $15 (14... Nxe5 $142 $5 15. dxe5
Nxg4 $17) 15. g5 {White gets more space} Ne4 $14 {
The black knight on an outpost} (15... Nxe5 $5 {is an interesting alternative}
16. dxe5 Nd7 $15) 16. Nxe4 dxe4 $14 (16... cxd4 17. Rh3 Nxe5 18. Qh5 (18. fxe5
$6 dxe3 (18... dxe4 $143 19. Bxe4 g6 20. exd4 $16) 19. Qh5 h6 $15) (18. cxd4
Ng6 19. Qh5 h6 20. gxh6 dxe4 21. hxg7 Kxg7 22. Qh6+ Kf6 23. Qg5+ Kg7 24. Qh6+
Kf6 25. Qg5+ Kg7 26. Qh6+ $11) 18... Nf3+ 19. Bxf3 $16) 17. Rh3 g6 18. Qg4 $15
(18. Ng4 $5 $14 {has some apparent merit}) 18... Nxe5 19. fxe5 $15 {
White gains space} (19. dxe5 Qb7 20. Qh4 h5 $17) 19... Qd8 20. Qh4 {
Do you see the mate threat?} h5 21. Bxe4 Bxg5 22. Qe1 Bb7 23. Bf3 Bxf3 24. Rxf3
cxd4 $11 (24... Rb3 25. Ra2 $15 (25. dxc5 $143 Bh4 26. Qe2 Qg5+ 27. Kh1 Qxe5
$19)) 25. exd4 Bxc1 26. Qxc1 Qd5 27. Qf4 Rb2 $11 (27... Rb3 28. Rg3 $15) 28.
Raf1 {The pressure on the backward pawn f7 grows} Qa2 29. Rg3 {
Threatening mate: Rxg6. White gets decisive kings attack} Kh7 (29... Rxh2 $4 {
Black will not be able to digest the pawn} 30. Rxg6+ $3 {
a powerful sacrifice which decides the game} fxg6 31. Qxf8+ Kh7 32. Rf7#) 30.
Rg5 a4 31. Qh4 Qxa3 $4 $18 {an unfortunate move that relinquishes the win} (
31... Rbb8 $142 $11 {would be a reprieve}) 32. Kh1 $1 {
a convincing end. The mate threat is Rxh5} Kh6 (32... Qa2 {is the last straw}
33. Rxh5+ $1 {a fitting end to a beautiful game} gxh5 34. Qxh5+ Kg7 35. Qg4+
Kh7 36. Qh3+ Kg8 37. Rg1+ Rg2 38. Rxg2+ Qxg2+ 39. Qxg2+ Kh8 $18) 33. Rxh5+ $3 {
a sacrifice that ends the game} gxh5 34. Rf6+ (34. Rf6+ Kh7 35. Qxh5+ Kg8 36.
Qg5+ Kh8 37. Rh6#) 1-0

[Event "SA Championship"]
[Site "Adelaide"]
[Date "2000.03.30"]
[Round "5.3"]
[White "Tanti, Joseph G"]
[Black "Yang, Song"]
[Result "0-1"]
[WhiteElo "1921"]
[BlackElo "1659"]
[Annotator "Fritz 5.32 - Anderson-Smith,W"]
[PlyCount "98"]
[EventDate "2000.03.16"]
[EventType "tourn"]
[EventRounds "5"]
[EventCountry "AUS"]

1. e4 c5 2. Nf3 d6 {Controls e5} 3. d4 cxd4 4. Nxd4 Nf6 5. Nc3 a6 {
Sicilian Defence [Najdorf Variation]Secures b5} 6. Bg5 e6 {
Prevents intrusion on d5+f5} 7. f4 Be7 8. Qf3 Qc7 9. O-O-O Nbd7 10. g4 b5 11.
Bxf6 Nxf6 12. g5 {White gets more space} Nd7 13. f5 {This push gains space} Nc5
$11 (13... Ne5 14. Qg3 $11) 14. f6 gxf6 15. gxf6 Bf8 16. Bxb5+ $2 $19 (16. a3
$142 $15 {is the best option White has}) (16. Rg1 h5 (16... Bb7 17. Rg7 O-O-O
18. b4 Bxg7 19. fxg7 Rhg8 20. bxc5 dxc5 21. Ndxb5 Rxd1+ 22. Kxd1 axb5 23. Nxb5
Qd8+ 24. Kc1 Rxg7 25. Qc3 Qg5+ 26. Kb2 f6 27. Nd6+ Kb8 28. Ne8 Re7 29. Nxf6 e5
30. Qf3 Rf7 {0-1 Mende,A-Gruenberg,H/BL9192 1992/BL 90 (30)}) (16... Bd7 17.
Rg7 Bxg7 18. fxg7 Rg8 19. e5 d5 20. Qf6 b4 21. Nf5 exf5 22. Nxd5 Qd8 23. Qd6 f6
24. Bc4 Be6 25. Nc7+ Kf7 26. Bxe6+ {
1-0 Lobron,E-Chandler,M/BL 8586 1986/BL 80 (26)}) 17. a3 Bd7 18. Bh3 Na4 19.
Nxa4 bxa4 20. e5 Rc8 21. exd6 Bxd6 22. Kb1 Be5 23. c3 Rb8 24. Rg2 Qc5 25. Ka1
Kf8 26. Qe3 Ke8 27. Qf2 Qb6 28. Rdg1 Rf8 29. Rg8 Bxf6 30. Rxf8+ Kxf8 31. Rf1 e5
32. Bxd7 exd4 33. b4 axb3 34. Qxf6 Qxf6 35. Rxf6 Ke7 36. Rf3 Kxd7 37. cxd4 b2+
38. Kb1 Ke6 39. d5+ Ke7 40. Rh3 f5 41. Rxh5 Kf6 42. d6 f4 43. d7 Rf8 44. Rd5
Ke7 45. Kxb2 f3 46. Kc2 Kd8 47. Rd1 Rh8 48. Rd2 Rh3 49. Rf2 Kxd7 50. Kd3 Kc6
51. Ke4 Kb5 52. Kf4 Ka4 53. Kg4 Rh8 54. h4 Kxa3 55. Rxf3+ {
1/2-1/2 Zapata,A-Gruenfeld,Y/Palma de Mallorca GMA 1989/TD 89\13 (55)}) 16...
axb5 17. Ndxb5 Qb8 18. e5 (18. Rhg1 Bd7 19. Nd4 Qb4 $19) 18... Bb7 (18... dxe5
19. Qxa8 $3 {giving up material to nicely decide the game} Qb7 20. Rhg1 $18)
19. Nd5 $4 {shortens the misery for White} (19. Qh5 dxe5 20. Rhe1 $19) 19...
exd5 (19... Bxd5 $142 $5 {might be the shorter path} 20. Rxd5 exd5 21. Qxd5 $19
) 20. exd6 Bxd6 (20... Kd8 {makes it even easier for Black} 21. Kb1 Ra5 22. Nd4
Qxd6 23. h3 $19) 21. Rhe1+ Ne4 (21... Ne6 $142 {and Black has it in the bag}
22. Qh5 Bf4+ (22... Rxa2 $4 {
the pawn is safe and cannot be captured without dire consequences} 23. Rxe6+
Kd7 24. Rxd6+ Qxd6 25. Qxf7+ Kc6 26. Nxd6 Kxd6 27. Qxb7 Ra1+ 28. Kd2 Rxd1+ 29.
Kxd1 $18) 23. Kb1 Kf8 $19 (23... Bxh2 24. Rxe6+ Kd8 25. Rxd5+ Bxd5 26. Qxd5+
Kc8 27. Qc6+ Qc7 28. Qxa8+ Qb8 29. Na7+ Kd8 30. Qd5+ Bd6 31. Rxd6+ Ke8 32. Qe5+
Kf8 33. Qe7+ Kg8 34. Rd8+ Qxd8 35. Qxd8#)) 22. Qf5 $4 {
White has lost his nerve... understandable when you consider his position} (22.
Nxd6+ Qxd6 23. Qxe4+ dxe4 24. Rxd6 Rxa2 25. Kb1 $19) 22... Ra6 $17 (22... Bxh2
$142 {and Black can celebrate victory} 23. Kb1 Qc8 $19) 23. Rxe4+ $19 (23.
Nxd6+ Rxd6 (23... Qxd6 $6 24. Rxe4+ dxe4 25. Rxd6 Rxd6 26. Qe5+ Kd7 27. Qe7+
Kc6 28. Qxe4+ Kc7 29. Qc4+ Kb8 30. Qxf7 $11) 24. Qe5+ Kd7 25. Qe7+ Kc8 26. Rxe4
dxe4 27. Rxd6 Qc7 28. Qxc7+ Kxc7 $19) 23... dxe4 24. Nxd6+ Rxd6 25. Qe5+ Kd7 {
Threatening mate... how?} 26. Qe7+ Kc6 $17 (26... Kc8 $142 $5 27. Rxd6 Qc7 28.
Qxc7+ Kxc7 $19) 27. Qxe4+ Kb5 {Threatening mate: Rxd1} 28. a4+ $19 (28. Qe5+
Bd5 29. Rxd5+ Rxd5 30. Qxd5+ Ka6 31. Qc6+ Qb6 32. Qa4+ Kb7 33. Qe4+ Qc6 34.
Qe7+ Kc8 35. Qxf7 Qh1+ 36. Kd2 Qxh2+ 37. Kc3 Qe5+ 38. Kb3 Qb5+ 39. Ka3 Qa6+ 40.
Kb3 Qb7+ 41. Qxb7+ Kxb7 $19) 28... Ka5 $15 (28... Ka6 $142 $5 29. Qc4+ Ka7 30.
Qc5+ Rb6 $19) 29. Qe5+ Rd5 {Threatening mate... how?} 30. Rxd5+ Bxd5 31. Qxd5+
Ka6 (31... Kxa4 $6 32. Qc5 Qf4+ 33. Kb1 $11) 32. Qc4+ Ka7 33. Qc5+ Kb7 $17 (
33... Qb6 $5 34. Qe7+ Kb8 35. Qe5+ Qc7 36. Qb5+ Ka7 $19) 34. Qe7+ $19 (34. Qd5+
Kb6 35. Qb5+ Kc7 36. Qc5+ Kd7 37. Qd5+ Qd6 38. Qxf7+ Kd8 39. Kb1 $19) 34... Ka8
35. b4 (35. Qxf7 $142 Qg8 36. Qc7 Qg1+ 37. Kd2 Qd4+ 38. Kc1 Qxa4 39. Kb1 $19)
35... Rd8 (35... Qf4+ 36. Kb1 Rb8 37. c3 $19) 36. a5 (36. Qe4+ Qb7 37. Qc4 Rc8
$19) 36... Qd6 37. Qe4+ Qd5 {The mate threat is Qxe4} 38. Qe2 $6 {
doesn't do very much to defend the position} (38. Qe1 $19) 38... Qg5+ (38...
Qd4 $142 $5 {keeps an even firmer grip} 39. Qa6+ Kb8 40. Qb5+ Kc7 41. Qb6+ Qxb6
42. axb6+ Kxb6 43. c3 $19) 39. Kb1 Qxf6 40. Qe4+ Kb8 41. Qxh7 (41. Qe1 $19)
41... Qc3 (41... Rd1+ $142 {and Black has reached his goal} 42. Ka2 Ra1+ 43.
Kb3 Rb1+ 44. Kc4 Qf4+ 45. Kd5 Rd1+ 46. Qd3 Rxd3+ 47. cxd3 Qxb4 $19) 42. Qh5
Qxb4+ 43. Ka2 Qc4+ 44. Kb2 Rd5 (44... Rc8 $142 {
and the rest is a matter of technique} 45. Qh7 Rc5 46. Qd3 Rb5+ 47. Kc1 Qf4+
48. Kd1 Qg4+ 49. Kd2 Qg5+ 50. Kc3 Qe5+ 51. Qd4 Rc5+ 52. Kd3 $19) 45. Qh8+ (45.
Qf3 $19 {otherwise it's curtains at once}) 45... Ka7 {Threatening mate: Qb4}
46. Qf6 (46. Qc3 {no good, but what else?} Rb5+ 47. Qb3 Qd4+ 48. Kb1 Rxb3+ 49.
cxb3 $19) 46... Qd4+ $19 (46... Qb4+ 47. Kc1 Qe1+ 48. Kb2 Rb5+ 49. Ka2 Qxa5#)
47. Qxd4+ Rxd4 48. Kc3 (48. c4 Rxc4 49. Kb3 $19) 48... Rd8 49. Kc4 f5 (49... f5
50. Kc5 f4 $19) 0-1